Пропуск в контексте

Культура. Литература. Язык. Ч. 2 материалы конференции «Чтения Ушинского» Ч. 2 Культура. Литература. Язык. Ч. 2

Сохранить в:
Библиографические подробности
Формат: Книга
Язык:Russian
Опубликовано: Ярославль 2012
Online-ссылка:https://e.lanbook.com/book/154059
https://e.lanbook.com/img/cover/book/154059.jpg
Метки: Добавить метку
Нет меток, Требуется 1-ая метка записи!
LEADER 01007nam0a2200241 i 4500
001 154059
003 RuSpLAN
005 20221220174105.0
008 221220s2012 ru gs 000 0 rus
020 |a 978-5-87555-801-6 
040 |a RuSpLAN 
041 0 |a rus 
044 |a ru 
080 |a 800;82;7;316.77 
084 |a 81.001.2я434+71я434  |2 rubbk 
245 1 |a Культура. Литература. Язык. Ч. 2  |b материалы конференции «Чтения Ушинского»  |n Ч. 2  |p Культура. Литература. Язык. Ч. 2 
260 |a Ярославль  |c 2012 
300 |a 230 с. 
504 |a Библиогр.: доступна в карточке книги, на сайте ЭБС Лань 
521 8 |a Книга из коллекции - Языкознание и литературоведение 
856 4 |u https://e.lanbook.com/book/154059 
856 4 8 |u https://e.lanbook.com/img/cover/book/154059.jpg 
953 |a https://e.lanbook.com/img/cover/book/154059.jpg